Countries that have ruled Paris - Statistics

General Stats
  • This quiz has been taken 65 times
    62 since last reset
  • The average score is 4 of 9
Answer Stats
Answer Time % Correct
France 987 - 1420
95%
Third Reich 1940 - 1944
95%
Roman Empire 52 BC - 395
82%
England 1420 - 1436
61%
Francia 486 - 843
26%
Paris Commune 1871
26%
Western Roman Empire 395 - 476
21%
West Francia 843 - 987
18%
Kingdom of Soissons 476 - 486
7%
No matching quizzes found
Score Distribution
Percent of People with Each Score
Percentile by Number Answered
Your Score History
You have not taken this quiz since the last reset